| 000 | 00647nam a22002297a 4500 | ||
|---|---|---|---|
| 003 | OSt | ||
| 005 | 20220822173007.0 | ||
| 008 | 220822t2010 spaa|||ar|||| 00| j eng d | ||
| 020 | _a9788408091134 | ||
| 040 |
_aCO-JMCR _cCO-JMCR |
||
| 041 | 0 | _aspa | |
| 041 | 0 | _aeng | |
| 082 | 0 | 4 |
_aA / _bPRI |
| 245 | 1 | 0 |
_aPrimeras palabras Pocoyo : _blos juegos |
| 260 |
_aBarcelona : _bPlaneta, _c2010 |
||
| 300 |
_a[3] páginas : _bilustraciones ; _c22 cm. |
||
| 440 | 0 |
_aPocoyo aprende riendo _pLos juegos _942317 |
|
| 546 | _aLibro bilingüe castellano - inglés. | ||
| 650 | 1 | 4 |
_aJuego infantil _942318 |
| 650 | 1 | 4 |
_aJuguete _942319 |
| 942 |
_2ddc _cBK |
||
| 999 |
_c29732 _d16116 |
||